• 首页
  • 本馆介绍
  • 公告通知
  • 最新文献
  • 馆藏检索
  • 电子资源
  • 读者导购
  • 参考咨询
  • 我的图书馆
  • 登录
  • 详细信息显示
  • 放入我的书架
  • 预约/预借图书
  • 作者相关作品
  • 分类相关作品
  • 丛书相关作品
  • 出版社相关作品

书目信息

  • 表格格式
  • 工作单格式
  • 卡片格式
题名:
非物质文化遗产档案资源建设引导策略研究
    
 
作者: 王巧玲, 著
分册:  
出版信息: 长春   吉林大学出版社  2021.08
页数: 282页
开本: 24cm
丛书名:
单 册:
中图分类: G279.2 , G122
科图分类:
主题词: 非物质文化遗产--fei wu zhi wen hua yi chan--档案管理--研究--中国
电子资源:
ISBN: 978-7-5692-8604-5
000 01427nam0 2200289 450
001 012001000723
005 20141201165428.0
010    @a978-7-5692-8604-5@dCNY98.00
099    @aCAL 012022041541
100    @a20220905d2021 em y0chiy50 ea
101 0  @achi
102    @aCN@b220000
105    @aa a 000yy
106    @ar
200 1  @a非物质文化遗产档案资源建设引导策略研究@Afei wu zhi wen hua yi chan dang an zi yuan jian she yin dao ce lue yan jiu@f王巧玲著
210    @a长春@c吉林大学出版社@d2021.08
215    @a282页@c图@d24cm
300    @a国家社会科学基金项目 “科技创新服务能力建设 —— 服务北京全国文化中心的智库建设”项目支持
314    @a王巧玲, 女, 北京联合大学应用文理学院档案系副主任, 副教授, 硕士生导师, 毕业于中国人民大学行政管理专业, 博士。
320    @a有书目 (第258-282页)
330    @a本书分九个部分, 内容包括: 绪论、非遗档案资源建设的工作内容与理论基础、非遗档案资源建设合作治理分析框架建构、非遗档案资源建设之公共问题基本特性分析、我国非遗档案资源建设之正式制度分析、我国非遗档案资源建设的治理结构分析与结果预测、我国非遗档案资源建设治理结果之实证检验、国外非遗档案资源建设治理实践与经验借鉴、基于合作治理的非遗档案资源建设引导策略方案设计。
606 0  @a非物质文化遗产@Afei wu zhi wen hua yi chan@x档案管理@x研究@y中国
690    @aG279.2@v5
690    @aG122@v5
701  0 @a王巧玲,@Awang qiao ling@f1977-@4著
801  0 @aCN@bAHXH@c20221111
905    @b1369841-3@dG279.2@e259@f3
    
    非物质文化遗产档案资源建设引导策略研究/王巧玲著.-长春:吉林大学出版社,2021.08
    282页:图;24cm
    国家社会科学基金项目 “科技创新服务能力建设 —— 服务北京全国文化中心的智库建设”项目支持
    
    ISBN 978-7-5692-8604-5:CNY98.00
    本书分九个部分, 内容包括: 绪论、非遗档案资源建设的工作内容与理论基础、非遗档案资源建设合作治理分析框架建构、非遗档案资源建设之公共问题基本特性分析、我国非遗档案资源建设之正式制度分析、我国非遗档案资源建设的治理结构分析与结果预测、我国非遗档案资源建设治理结果之实证检验、国外非遗档案资源建设治理实践与经验借鉴、基于合作治理的非遗档案资源建设引导策略方案设计。
●
相关链接 在E读中查询图书 在五车中查询图书 在当当中查询图书 在豆瓣中查询图书


正题名:非物质文化遗产档案资源建设引导策略研究     索取号:G279.2/259         预约/预借

序号 登录号 条形码 馆藏地/架位号 状态 备注
1 1369841   213698417   第一样本阅览室/ [索取号:G279.2/259] 在馆    
2 1369842   213698426   第四借阅区/ [索取号:G279.2/259] 在馆    
3 1369843   213698435   第四借阅区/ [索取号:G279.2/259] 在馆    
唐山师范学院图书馆 欢迎您!
大连网信软件有限公司© 版权所有